[Event "SR 3. liga A2 2018/2019"]
[Site "?"]
[Date "2018.12.09"]
[Round "5.2"]
[White "Zarecky, Eduard"]
[Black "Benkovsky, Peter"]
[Result "1/2-1/2"]
[WhiteElo "1831"]
[BlackElo "1682"]
[PlyCount "77"]
[EventDate "2018.??.??"]

1. d4 d5 2. c4 e6 3. Nc3 c6 4. e3 Nf6 5. Nf3 Nbd7 6. a3 Bd6 7. Qc2 e5 8. cxd5
cxd5 9. dxe5 Nxe5 10. Nd4 a6 11. Qa4+ Bd7 12. Qb3 Bc6 13. Nxc6 bxc6 14. Be2 O-O
15. O-O Qc7 16. Qc2 Rfb8 17. b4 Neg4 18. Bxg4 Nxg4 19. h3 Ne5 20. Bd2 Nc4 21.
Rfc1 Be5 22. Ra2 Rc8 23. Na4 Bd6 24. Qf5 Nxd2 25. Rxd2 g6 26. Qf3 Qb7 27. Rdc2
Rc7 28. Nc5 Bxc5 29. Rxc5 Rac8 30. Qe2 Qb6 31. Qc2 Qb7 32. Qa4 Qb6 33. h4 Kg7
34. f4 Re8 35. Kf2 Rec8 36. g3 h6 37. Qc2 Re7 38. Qc3+ f6 39. g4 1/2-1/2

[Event "SR 3. liga A2 2018/2019"]
[Site "?"]
[Date "2018.12.09"]
[Round "5.2"]
[White "Nemcovic, Peter"]
[Black "Slaby, Jozef"]
[Result "0-1"]
[WhiteElo "1644"]
[BlackElo "1726"]
[PlyCount "78"]
[EventDate "2018.??.??"]

1. e4 c6 2. d4 d5 3. Bd3 dxe4 4. Bxe4 Nf6 5. Bf3 g6 6. Be3 Bg7 7. c3 O-O 8. Ne2
Nbd7 9. h4 Nb6 10. Nd2 Nbd5 11. h5 Nxe3 12. fxe3 Ng4 13. hxg6 fxg6 14. Qb3+ Kh8
15. Nf4 Nh6 16. Ne4 Qb6 17. Qc2 e5 18. Nd3 exd4 19. cxd4 Bf5 20. O-O-O Rae8 21.
Rh4 Bxe4 22. Bxe4 g5 23. Rxh6 Bxh6 24. Ne5 Qc7 25. Rh1 Rf6 26. g3 Ref8 27. Qd3
Rd6 28. Ng4 Qg7 29. Qc2 Re8 30. Qg2 Rde6 31. Ne5 Rxe5 32. dxe5 g4 33. Kc2 Qxe5
34. Bxc6 Qf5+ 35. Kb3 bxc6 36. Rxh6 Rb8+ 37. Kc4 Qb5+ 38. Kd4 Rd8+ 39. Ke4 Qd5+
0-1

[Event "SR 3. liga A2 2018/2019"]
[Site "?"]
[Date "2018.12.09"]
[Round "5.2"]
[White "Kramar, Matus"]
[Black "Slezak, Vladimir"]
[Result "1-0"]
[WhiteElo "1671"]
[BlackElo "1537"]
[PlyCount "55"]
[EventDate "2018.??.??"]

1. e4 e5 2. Nf3 Nc6 3. Bc4 Bc5 4. O-O d6 5. h3 Nd4 6. Nxd4 Bxd4 7. c3 Bb6 8. d4
Qf6 9. Be3 Bd7 10. a4 a5 11. Re1 Ne7 12. dxe5 dxe5 13. Bxb6 cxb6 14. Qb3 O-O
15. Nd2 Rad8 16. Rad1 Nc8 17. Re3 Nd6 18. Rf3 Qg6 19. Rg3 Qf6 20. Bd3 Nc8 21.
Re1 Be6 22. Qd1 Qe7 23. Ree3 Nd6 24. Qe2 f5 25. exf5 Bxf5 26. Rxe5 Bxd3 27.
Rxe7 Bxe2 28. Rgxg7+ 1-0

[Event "SR 3. liga A2 2018/2019"]
[Site "?"]
[Date "2018.12.09"]
[Round "5.3"]
[White "Sebesta, Radovan"]
[Black "Danada, Tomas"]
[Result "1/2-1/2"]
[WhiteElo "1988"]
[BlackElo "2241"]
[PlyCount "93"]
[EventDate "2018.??.??"]

1. d4 Nf6 2. c4 e6 3. g3 c5 4. d5 exd5 5. cxd5 b5 6. Bg2 d6 7. e4 g6 8. Ne2 Bg7
9. O-O O-O 10. Qc2 Re8 11. Bg5 h6 12. Bf4 Qe7 13. Re1 g5 14. Bd2 Nbd7 15. f4
gxf4 16. Nxf4 Ne5 17. Nc3 b4 18. Nd1 Bg4 19. Rf1 a5 20. Ne3 Rac8 21. Rae1 c4
22. h3 Bd7 23. Nf5 Bxf5 24. exf5 Qc7 25. Be3 c3 26. bxc3 Qxc3 27. Qf2 Nd3 28.
Nxd3 Qxd3 29. Bf4 Ng4 30. Qf3 Bd4+ 31. Kh1 Nf2+ 32. Kh2 Rxe1 33. Rxe1 Qxf3 34.
Bxf3 Nd3 35. Re4 Nxf4 36. gxf4 Rc3 37. Kg2 Ra3 38. Rxd4 Rxa2+ 39. Kg3 b3 40. f6
b2 41. Be4 Ra1 42. Rc4 Rc1 43. Ra4 Re1 44. Bf5 b1=Q 45. Bxb1 Rxb1 46. Rxa5 Rg1+
47. Kf3 1/2-1/2

[Event "SR 3. liga A2 2018/2019"]
[Site "?"]
[Date "2018.12.09"]
[Round "5.3"]
[White "Nemsak, Denis"]
[Black "Palka, Miroslav"]
[Result "1-0"]
[WhiteElo "1992"]
[BlackElo "1937"]
[PlyCount "39"]
[EventDate "2018.??.??"]

1. e4 c5 2. Nc3 g6 3. f4 Bg7 4. Nf3 Nc6 5. Bb5 a6 6. Bxc6 dxc6 7. d3 Nf6 8. O-O
O-O 9. h3 Qc7 10. Qe1 Nh5 11. e5 f5 12. Qh4 Qd8 13. Be3 b6 14. Rad1 Bh8 15. d4
c4 16. d5 c5 17. Ng5 h6 18. Ne6 Bxe6 19. dxe6 Qc7 20. Nd5 1-0

[Event "SR 3. liga A2 2018/2019"]
[Site "?"]
[Date "2018.12.09"]
[Round "5.3"]
[White "Danada, Ondrej"]
[Black "Palka, Martin"]
[Result "1-0"]
[WhiteElo "1853"]
[BlackElo "1849"]
[PlyCount "59"]
[EventDate "2018.??.??"]

1. d4 Nf6 2. c4 e6 3. Nc3 d5 4. cxd5 exd5 5. Bg5 Be7 6. Qc2 c6 7. f3 O-O 8. e3
Nbd7 9. Bd3 Re8 10. Nge2 Nf8 11. O-O-O Be6 12. g4 a6 13. h4 c5 14. Bxf6 Bxf6
15. g5 Be7 16. f4 cxd4 17. Nxd4 Rc8 18. f5 Bd7 19. Qg2 Bb4 20. Qxd5 Bxc3 21.
bxc3 Rxc3+ 22. Kb2 Qc7 23. g6 hxg6 24. fxg6 Be6 25. Nxe6 Nxe6 26. gxf7+ Kxf7
27. Rhf1+ Ke7 28. Bg6 Rf8 29. Rxf8 Nxf8 30. Qf7# 1-0

[Event "SR 3. liga A2 2018/2019"]
[Site "?"]
[Date "2018.12.09"]
[Round "5.3"]
[White "Huska, Branislav"]
[Black "Kubis, Ivan"]
[Result "1-0"]
[WhiteElo "1822"]
[BlackElo "1890"]
[PlyCount "53"]
[EventDate "2018.??.??"]

1. e4 e5 2. Nf3 Nc6 3. Bb5 a6 4. Ba4 Nf6 5. O-O b5 6. Bb3 Be7 7. d3 d6 8. a3
O-O 9. h3 Na5 10. Ba2 c5 11. Nc3 Bb7 12. Ne2 h6 13. Ng3 Re8 14. Nf5 Bf8 15.
N3h4 d5 16. Bd2 dxe4 17. b4 cxb4 18. axb4 Nc6 19. dxe4 Nxb4 20. Bb3 Bxe4 21. g4
Bd5 22. g5 Bxb3 23. gxf6 Bc4 24. fxg7 Be7 25. Nxh6+ Kh7 26. Qh5 Kxg7 27. N4f5+
1-0

[Event "SR 3. liga A2 2018/2019"]
[Site "?"]
[Date "2018.12.09"]
[Round "5.3"]
[White "Bilovsky, Milan"]
[Black "Lauko, Tomas"]
[Result "1-0"]
[WhiteElo "1913"]
[BlackElo "1722"]
[PlyCount "27"]
[EventDate "2018.??.??"]

1. e4 c5 2. c3 e5 3. Nf3 Nc6 4. d4 cxd4 5. cxd4 exd4 6. Nxd4 Qf6 7. Nb5 Bb4+ 8.
N1c3 Ba5 9. Nd6+ Kd8 10. Bg5 Qxg5 11. Nxf7+ Kc7 12. Qd6+ Kb6 13. Nxg5 a6 14.
Nf7 1-0

[Event "SR 3. liga A2 2018/2019"]
[Site "?"]
[Date "2018.12.09"]
[Round "5.3"]
[White "Bendzela, Tibor"]
[Black "Valla, Tomas"]
[Result "0-1"]
[WhiteElo "1658"]
[BlackElo "1858"]
[PlyCount "118"]
[EventDate "2018.??.??"]

1. e4 c5 2. d4 d5 3. e5 cxd4 4. Qxd4 Nc6 5. Bb5 e6 6. Bxc6+ bxc6 7. Nf3 c5 8.
Qa4+ Bd7 9. Qg4 Ne7 10. Bg5 Qa5+ 11. c3 Ng6 12. O-O Rb8 13. b3 h6 14. Bd2 Qc7
15. Re1 Be7 16. h4 h5 17. Qg3 Qd8 18. Bg5 Bc6 19. Bxe7 Qxe7 20. Nbd2 Rd8 21.
Ng5 Kd7 22. Rad1 Kc7 23. c4 d4 24. a3 a5 25. Rb1 Rb8 26. f4 Rh6 27. f5 Nf8 28.
f6 Qe8 29. Qf4 Rg6 30. Nde4 Nd7 31. Nd6 Qf8 32. Ndxf7 Re8 33. Nd6 gxf6 34.
Nxe8+ Qxe8 35. exf6+ e5 36. f7 Qe7 37. Rxe5 Qd6 38. Rbe1 Rf6 39. Ne6+ Rxe6 40.
f8=Q Nxf8 41. Qf7+ Bd7 42. Qxh5 Rxe5 43. Rxe5 Ne6 44. Rd5 Qe7 45. Qe5+ Kc6 46.
Qb8 Nc7 47. Rg5 Qe1+ 48. Kh2 Qxh4+ 49. Kg1 Qxg5 50. b4 axb4 51. a4 Qc1+ 52. Kh2
Qxc4 53. a5 Qa6 54. Qg8 Qxa5 55. Qg6+ Ne6 56. Qe4+ Kc7 57. Qe5+ Kc8 58. Qh8+
Qd8 59. Qe5 Qc7 0-1

[Event "SR 3. liga A2 2018/2019"]
[Site "?"]
[Date "2018.12.09"]
[Round "5.3"]
[White "Zajicek, Ferdinand"]
[Black "Dest, Stanislav"]
[Result "1-0"]
[WhiteElo "1729"]
[BlackElo "1556"]
[PlyCount "131"]
[EventDate "2018.??.??"]

1. e4 e5 2. Nf3 Nc6 3. Bc4 Be7 4. Nc3 Nf6 5. O-O d6 6. h3 O-O 7. d3 Na5 8. Bb3
Nxb3 9. axb3 b6 10. Be3 Bb7 11. Ne2 c5 12. Ng3 g6 13. c4 a5 14. Nh2 Bc8 15. f4
exf4 16. Bxf4 Be6 17. Qf3 Nd7 18. Bh6 Ne5 19. Qe3 Re8 20. Nf3 Bf6 21. Nxe5 Bxe5
22. Qf3 Ra7 23. Rab1 f6 24. Be3 Rf7 25. Bf4 Qd7 26. Ne2 f5 27. Bxe5 dxe5 28.
exf5 Bxf5 29. Rbd1 e4 30. dxe4 Qe7 31. exf5 Qxe2 32. Qxe2 Rxe2 33. fxg6 hxg6
34. Rd6 Kg7 35. Rxf7+ Kxf7 36. Rxb6 Rxb2 37. Rb5 Ke6 38. Rxc5 Rxb3 39. Rxa5 Rb6
40. Kf2 Rc6 41. c5 Kd5 42. Rb5 Rf6+ 43. Kg3 Rf1 44. Rb6 Kxc5 45. Rxg6 Kd5 46.
Kg4 Ke5 47. h4 Rf4+ 48. Kg3 Rf8 49. Rg5+ Kf6 50. Kg4 Rh8 51. h5 Rh6 52. Ra5 Rh8
53. Ra6+ Kf7 54. Kh4 Re8 55. g4 Re4 56. h6 Kg8 57. Kh5 Kh7 58. Ra7+ Kh8 59. g5
Re5 60. Kg6 Re6+ 61. Kf5 Re8 62. g6 Rf8+ 63. Rf7 Rc8 64. Re7 Rf8+ 65. Ke6 Rg8
66. Rh7# 1-0

[Event "SR 3. liga A2 2018/2019"]
[Site "?"]
[Date "2018.12.09"]
[Round "5.4"]
[White "Koutny, Petr"]
[Black "Takacs, Laszlo"]
[Result "0-1"]
[WhiteElo "2231"]
[BlackElo "2308"]
[PlyCount "45"]
[EventDate "2018.??.??"]

1. e4 c5 2. Nf3 d6 3. d4 cxd4 4. Nxd4 Nf6 5. Nc3 g6 6. Be2 Bg7 7. Be3 O-O 8. f4
Nbd7 9. Nb3 Nb6 10. g4 Be6 11. f5 Bxb3 12. axb3 d5 13. Bd4 e5 14. Bc5 d4 15.
Bxf8 Bxf8 16. g5 Nfd7 17. Na4 Nxa4 18. bxa4 Qxg5 19. Bd3 Qg2 20. Rf1 Bb4+ 21.
c3 dxc3 22. Rf2 c2+ 23. Ke2 0-1

[Event "SR 3. liga A2 2018/2019"]
[Site "?"]
[Date "2018.12.09"]
[Round "5.4"]
[White "Cibulka, Vladimir"]
[Black "Hrubsa, Marian"]
[Result "1/2-1/2"]
[WhiteElo "2129"]
[BlackElo "1926"]
[PlyCount "48"]
[EventDate "2018.??.??"]

1. d4 f5 2. Nf3 g6 3. Nc3 Nf6 4. Bg5 Bg7 5. Bxf6 Bxf6 6. e4 fxe4 7. Nxe4 Bg7 8.
Bd3 Nc6 9. c3 d5 10. Ng3 e5 11. dxe5 Nxe5 12. Nxe5 Bxe5 13. Qc2 Qd6 14. O-O-O
Bd7 15. Ne2 O-O-O 16. g3 c5 17. f4 Bg7 18. Rhe1 Qb6 19. Qb3 Qc6 20. Bc2 Bg4 21.
Qa4 Qb6 22. Qb3 Qc6 23. Qa4 Qb6 24. Qb3 Qc6 1/2-1/2

[Event "SR 3. liga A2 2018/2019"]
[Site "?"]
[Date "2018.12.09"]
[Round "5.4"]
[White "Londin, Martin"]
[Black "Blaho, Stefan"]
[Result "0-1"]
[WhiteElo "1927"]
[BlackElo "2053"]
[PlyCount "90"]
[EventDate "2018.??.??"]

1. e4 c5 2. Nc3 Nc6 3. Bb5 Nd4 4. f4 g6 5. Nf3 Bg7 6. Bc4 d6 7. O-O e6 8. a4
Ne7 9. d3 O-O 10. Kh1 Kh8 11. Ne2 d5 12. Nexd4 dxc4 13. Nb5 cxd3 14. Qxd3 Qxd3
15. cxd3 Rd8 16. Ne5 Kg8 17. Be3 b6 18. a5 Bb7 19. axb6 axb6 20. Rxa8 Bxa8 21.
Ra1 Bc6 22. Nc3 Bxe5 23. fxe5 Rxd3 24. Bh6 Rd7 25. h4 Kh8 26. Ra6 Ng8 27. Bg5
Rb7 28. Bd8 Kg7 29. Bxb6 c4 30. Bd4 Bd7 31. Rd6 Nh6 32. Nd1 Ng4 33. g3 Ba4 34.
Nc3 Bc2 35. Rc6 Bd3 36. Bb6 Kh6 37. Bd4 Rxb2 38. Rc7 Bf1 39. Rxf7 Bh3 40. Bc5
Rh2+ 41. Kg1 Rg2+ 42. Kh1 Nxe5 43. Bf8+ Kh5 44. Rxh7+ Kg4 45. Rg7 Rc2 0-1

[Event "SR 3. liga A2 2018/2019"]
[Site "?"]
[Date "2018.12.09"]
[Round "5.4"]
[White "Bugar, Peter"]
[Black "Vogl, Zdenek"]
[Result "1-0"]
[WhiteElo "1992"]
[BlackElo "1878"]
[PlyCount "115"]
[EventDate "2018.??.??"]

1. c4 Nf6 2. Nc3 e6 3. e4 Nc6 4. d4 d6 5. f4 e5 6. dxe5 Bg4 7. Qa4 dxe5 8. fxe5
Nh5 9. Be3 Bb4 10. Nf3 O-O 11. Be2 Qe7 12. O-O Bxc3 13. bxc3 Nxe5 14. Qb4 Qxb4
15. cxb4 Rfe8 16. Rfe1 Nf6 17. Bd4 Nfd7 18. h3 Nxf3+ 19. Bxf3 Be6 20. c5 c6 21.
a4 f6 22. b5 Ne5 23. Bxe5 fxe5 24. Red1 Red8 25. bxc6 bxc6 26. Rxd8+ Rxd8 27.
Rb1 Rd7 28. Kf2 Kf7 29. Ke3 Bc4 30. Rb4 Rd3+ 31. Kf2 Ba6 32. Rb8 Rd7 33. Ra8
Ke7 34. Be2 Bxe2 35. Kxe2 Rb7 36. Kf3 g6 37. Kg4 Ke6 38. Rd8 Rb4 39. Rd6+ Ke7
40. Kf3 Rxa4 41. Rxc6 Kd7 42. Rf6 Ke7 43. Rc6 Kd7 44. Rd6+ Ke7 45. h4 Ra3+ 46.
Ke2 Ra5 47. Rd5 Ke6 48. Kd3 Ra3+ 49. Kd2 Ra4 50. Rd6+ Ke7 51. Kd3 Ra3+ 52. Kc4
Ra4+ 53. Kd5 Ra5 54. Re6+ Kf7 55. Rxe5 Ra2 56. Kd6 Rd2+ 57. Rd5 Rxg2 58. c6 1-0

[Event "SR 3. liga A2 2018/2019"]
[Site "?"]
[Date "2018.12.09"]
[Round "5.4"]
[White "Vach, Jozef"]
[Black "Matis, Tibor"]
[Result "0-1"]
[WhiteElo "1685"]
[BlackElo "1838"]
[PlyCount "86"]
[EventDate "2018.??.??"]

1. d4 Nf6 2. b3 g6 3. Bb2 Bg7 4. e3 O-O 5. Nf3 b6 6. Nbd2 Bb7 7. Be2 d5 8. O-O
Nbd7 9. Ne5 Nxe5 10. dxe5 Nd7 11. Nf3 e6 12. Rc1 c5 13. Bb5 Rc8 14. Re1 Nb8 15.
Nd2 a6 16. Bf1 b5 17. Qg4 Qa5 18. Nf3 Qxa2 19. Ba1 Qa5 20. Re2 Nc6 21. Qg3 c4
22. bxc4 dxc4 23. Bd4 Nxd4 24. exd4 c3 25. Ng5 Qb6 26. Rd1 b4 27. Re3 h6 28.
Ne4 Bxe4 29. Rxe4 Rfd8 30. Qd3 a5 31. Qb5 Qa7 32. Ra1 Rd5 33. Qa6 Qxa6 34. Bxa6
Rcd8 35. f3 Rxd4 36. Rxd4 Rxd4 37. Rxa5 Rd2 38. Rb5 Rxc2 39. Rxb4 Rd2 40. Bf1
Bxe5 41. g3 c2 42. Rc4 Bb2 43. f4 c1=Q 0-1

[Event "SR 3. liga A2 2018/2019"]
[Site "?"]
[Date "2018.12.09"]
[Round "5.4"]
[White "Rachela, Robert"]
[Black "Vepy, Ivan"]
[Result "0-1"]
[WhiteElo "1935"]
[BlackElo "1851"]
[PlyCount "60"]
[EventDate "2018.??.??"]

1. e4 e5 2. Nf3 Nc6 3. Bb5 a6 4. Ba4 b5 5. Bb3 Be7 6. O-O Nf6 7. d3 d6 8. h3
Na5 9. Re1 Nxb3 10. axb3 O-O 11. Nbd2 c5 12. Nf1 h6 13. Ng3 Nh7 14. Be3 Ng5 15.
Nf5 Kh7 16. Nxe7 Nxf3+ 17. Qxf3 Qxe7 18. Ra5 Bb7 19. Qf5+ g6 20. Qg4 f5 21.
exf5 gxf5 22. Qh5 Qg7 23. f3 Rf6 24. Kh2 Rg8 25. Rg1 Qg3+ 26. Kh1 f4 27. Bxc5
dxc5 28. Raa1 Rg5 29. Qe8 Bxf3 30. Qe7+ Rg7 0-1

[Event "SR 3. liga A2 2018/2019"]
[Site "?"]
[Date "2018.12.09"]
[Round "5.4"]
[White "Harasta, Marian"]
[Black "Mezes, Kristof"]
[Result "0-1"]
[WhiteElo "1658"]
[BlackElo "1673"]
[PlyCount "82"]
[EventDate "2018.??.??"]

1. d4 e6 2. c4 d5 3. Qc2 c6 4. Nf3 f5 5. Bg5 Be7 6. Bf4 Nf6 7. e3 O-O 8. c5
Qa5+ 9. Qc3 Qxc3+ 10. Nxc3 Nbd7 11. Be2 Ne4 12. Nxe4 fxe4 13. Ne5 Bf6 14. Nxd7
Bxd7 15. Bd6 Rf7 16. Bh5 g6 17. Bg4 Re8 18. a4 b6 19. b4 e5 20. dxe5 Bxe5 21.
Bxd7 Rxd7 22. Bxe5 Rxe5 23. cxb6 axb6 24. O-O c5 25. bxc5 bxc5 26. Rfc1 d4 27.
Kf1 d3 28. Rc4 Rb7 29. Ke1 Rb2 30. g4 Re8 31. Rd1 Re2+ 32. Kf1 Rf8 33. f4 Rxe3
34. Rxc5 Rxf4+ 35. Kg2 Rxg4+ 36. Kh1 d2 37. Rc8+ Kg7 38. Rc7+ Kh6 39. Rf7 Re1+
40. Rf1 Rxd1 41. Rxd1 e3 0-1

[Event "SR 3. liga A2 2018/2019"]
[Site "?"]
[Date "2018.12.09"]
[Round "5.4"]
[White "Kiss, Balazs"]
[Black "Londin, Lukas Vojtech"]
[Result "0-1"]
[WhiteElo "1409"]
[BlackElo "1343"]
[PlyCount "122"]
[EventDate "2018.??.??"]

1. e4 b6 2. Nc3 Bb7 3. Nf3 e6 4. d3 Nf6 5. Be2 Be7 6. h3 O-O 7. Bg5 d5 8. e5
Nfd7 9. Bxe7 Qxe7 10. d4 Ba6 11. O-O Rc8 12. Bxa6 Nxa6 13. a3 Nab8 14. Rc1 a6
15. Ne2 b5 16. b4 Nc6 17. Qd2 Nb6 18. Qc3 Nc4 19. Nf4 a5 20. Nd3 axb4 21. Nxb4
Rxa3 22. Nxc6 Qd7 23. Qb4 Qxc6 24. c3 Qa6 25. Kh2 h6 26. Rfd1 Qa5 27. Qxa5 Rxa5
28. Nd2 Nxd2 29. Rxd2 Rca8 30. Rcc2 Ra3 31. f4 R8a4 32. Rb2 c6 33. Rb4 Rxc3 34.
Rxa4 bxa4 35. g3 Rc4 36. h4 h5 37. g4 g6 38. gxh5 gxh5 39. f5 a3 40. Kg3 a2 41.
Rxa2 Rxd4 42. fxe6 Rg4+ 43. Kh3 fxe6 44. Ra6 Rc4 45. Kg3 Rg4+ 46. Kh3 Re4 47.
Rxc6 Rxe5 48. Rc8+ Kf7 49. Kg3 Rf5 50. Rc7+ Kf6 51. Rc8 d4 52. Rc4 Ke5 53. Rc1
Kd5 54. Rd1 e5 55. Rd3 Ke4 56. Ra3 d3 57. Ra4+ Ke3 58. Ra3 Ke2 59. Kg2 d2 60.
Ra2 Ke1 61. Rxd2 Kxd2 0-1

[Event "SR 3. liga A2 2018/2019"]
[Site "?"]
[Date "2018.12.09"]
[Round "5.5"]
[White "Kalmar, Tamas"]
[Black "Lukac, Roman"]
[Result "1-0"]
[WhiteElo "2061"]
[BlackElo "2085"]
[PlyCount "69"]
[EventDate "2018.??.??"]

1. d4 Nf6 2. c4 g6 3. Nc3 Bg7 4. e4 d6 5. f3 O-O 6. Be3 c5 7. Nge2 b6 8. Qd2
Nc6 9. b3 a6 10. d5 Na5 11. Rc1 Bd7 12. Nf4 Rb8 13. Bd3 b5 14. O-O bxc4 15.
bxc4 Rb4 16. Nd1 Qc7 17. Qe1 Rfb8 18. Bd2 Ra4 19. Nc3 Ra3 20. Rb1 Rb4 21. Qc1
Rxb1 22. Qxb1 Nh5 23. Nfe2 Qb7 24. Qc1 Bd4+ 25. Nxd4 cxd4 26. Qxa3 dxc3 27.
Qxc3 Qa7+ 28. Kh1 Nb7 29. Be2 Nc5 30. Rb1 f5 31. e5 Na4 32. Qe3 Qxe3 33. Bxe3
dxe5 34. Rb7 Nf6 35. Bg5 1-0

[Event "SR 3. liga A2 2018/2019"]
[Site "?"]
[Date "2018.12.09"]
[Round "5.5"]
[White "Nicolini, Alexander"]
[Black "Csuri, Szilveszter"]
[Result "1-0"]
[WhiteElo "2150"]
[BlackElo "1970"]
[PlyCount "61"]
[EventDate "2018.??.??"]

1. e4 c5 2. Nf3 Nc6 3. c3 d5 4. exd5 Qxd5 5. d4 Bg4 6. Be2 Rd8 7. dxc5 Qxd1+ 8.
Bxd1 e5 9. Be3 Nf6 10. h3 Bf5 11. Ba4 Nd7 12. b4 g6 13. Nbd2 Bg7 14. Nc4 O-O
15. Rd1 Ndb8 16. Ke2 Be6 17. Bb3 e4 18. Ng5 Bd5 19. Nd6 Bxb3 20. axb3 Bxc3 21.
b5 Na5 22. Ngxe4 Bg7 23. b4 Nb3 24. Rd3 Na1 25. Rc1 Rd7 26. Rcc3 Re7 27. f4 f5
28. Nd2 Nd7 29. Nxb7 Nf6 30. Nd6 Nh5 31. Nf3 1-0

[Event "SR 3. liga A2 2018/2019"]
[Site "?"]
[Date "2018.12.09"]
[Round "5.5"]
[White "Szitasi, Janos"]
[Black "Sturdik, Igor"]
[Result "1/2-1/2"]
[WhiteElo "1978"]
[BlackElo "1972"]
[PlyCount "34"]
[EventDate "2018.??.??"]

1. e4 Nf6 2. e5 Nd5 3. d4 d6 4. Nf3 Nc6 5. Bb5 a6 6. Be2 Bf5 7. c3 dxe5 8. Nxe5
Nxe5 9. dxe5 e6 10. O-O Be7 11. Qb3 Qc8 12. Bf3 c6 13. a3 O-O 14. c4 Nc7 15.
Rd1 Rd8 16. Be3 Rxd1+ 17. Qxd1 Ne8 1/2-1/2

[Event "SR 3. liga A2 2018/2019"]
[Site "?"]
[Date "2018.12.09"]
[Round "5.5"]
[White "Mosny, Jaroslav"]
[Black "Sarkozi, Szabolcs"]
[Result "0-1"]
[WhiteElo "1901"]
[BlackElo "1904"]
[Annotator "BÃ©la,Lelkes"]
[PlyCount "114"]
[EventDate "2018.??.??"]

1. d4 g6 2. Nf3 Bg7 3. e4 d6 4. Be2 Nf6 5. Nc3 O-O 6. O-O b6 7. Re1 Bb7 8. Bf1
c5 9. Bg5 cxd4 10. Nxd4 Nbd7 11. Qd2 Nc5 12. f3 a6 13. Rad1 Qc7 14. g3 Rfd8 15.
Bg2 e5 16. Nb3 Ne6 17. Be3 d5 18. exd5 Nxd5 19. Nxd5 Bxd5 20. Qf2 Rab8 21. c3
a5 22. Nc1 f5 23. Qc2 Qc6 24. Rf1 b5 25. b3 Nd4 26. Qf2 Ne6 27. Ne2 a4 28. f4
e4 29. Nd4 Nxd4 30. Bxd4 axb3 31. Bxg7 Kxg7 32. Qd4+ Kf7 33. Qe5 bxa2 34. g4
Be6 35. gxf5 gxf5 36. Bh3 Rg8+ 37. Kf2 Qb6+ 38. Rd4 Rbd8 39. Bxf5 Rxd4 40. cxd4
Bxf5 41. Qxf5+ Qf6 42. Qd7+ Kf8 43. Qc8+ Ke7 44. Qc7+ Ke6 45. Qc6+ Kf7 46. Qd7+
Qe7 47. Qf5+ Kg7 48. Rg1+ Kh8 49. Rxg8+ Kxg8 50. Qc8+ Qf8 51. Qe6+ Kg7 52. Qxa2
Qxf4+ 53. Ke1 Qe3+ 54. Kf1 Qxd4 55. Qg2+ Kf6 56. Qg4 Qd3+ 57. Kf2 Qf3+ 0-1

[Event "SR 3. liga A2 2018/2019"]
[Site "?"]
[Date "2018.12.09"]
[Round "5.5"]
[White "Csefalvay, Stefan"]
[Black "Bahna, Jan"]
[Result "0-1"]
[WhiteElo "1769"]
[BlackElo "1833"]
[PlyCount "72"]
[EventDate "2018.??.??"]

1. Nf3 d5 2. g3 Nf6 3. Bg2 g6 4. d3 Bg7 5. O-O O-O 6. Nbd2 h6 7. h3 Nbd7 8. e4
e5 9. Re1 Re8 10. b3 c6 11. Bb2 dxe4 12. dxe4 Qc7 13. Nh2 b6 14. Nhf1 Ba6 15.
Ne3 Rad8 16. c4 Nc5 17. Qc2 Nd3 18. Red1 Nxb2 19. Qxb2 Bc8 20. f3 Nh5 21. Ndf1
f5 22. Rxd8 Rxd8 23. Rd1 f4 24. Rxd8+ Qxd8 25. Ng4 fxg3 26. Qd2 Qxd2 27. Nxd2
Nf4 28. Bf1 h5 29. Ne3 Bh6 30. Nc2 Bxh3 31. Bxh3 Nxh3+ 32. Kg2 Nf4+ 33. Kxg3
Ne2+ 34. Kf2 Nc1 35. Nf1 Nxa2 36. Kg3 Kf7 0-1

[Event "SR 3. liga A2 2018/2019"]
[Site "?"]
[Date "2018.12.09"]
[Round "5.5"]
[White "Krist, Milan"]
[Black "Meszaros, Lorant"]
[Result "0-1"]
[WhiteElo "1780"]
[BlackElo "1936"]
[PlyCount "58"]
[EventDate "2018.??.??"]

1. d4 f5 2. c4 Nf6 3. Nc3 g6 4. Nf3 Bg7 5. e3 O-O 6. Bd3 d6 7. O-O Qe8 8. Qc2
Nc6 9. a3 e5 10. dxe5 Nxe5 11. Nxe5 dxe5 12. e4 f4 13. f3 c6 14. b4 g5 15. b5
g4 16. a4 Qg6 17. Bxf4 Nh5 18. Bg3 Nxg3 19. hxg3 gxf3 20. Rxf3 Rxf3 21. gxf3
Qxg3+ 22. Qg2 Qh4 23. Bf1 Be6 24. Rd1 Kh8 25. Qh2 Qf6 26. Be2 Bh6 27. Rf1 Bf4
28. Qh5 Rg8+ 29. Kh1 Qg7 0-1

[Event "SR 3. liga A2 2018/2019"]
[Site "?"]
[Date "2018.12.09"]
[Round "5.5"]
[White "Both, Lajos"]
[Black "Klanica, Anton"]
[Result "1-0"]
[WhiteElo "1796"]
[BlackElo "1797"]
[PlyCount "127"]
[EventDate "2018.??.??"]

1. Nf3 Nf6 2. c4 d6 3. d4 Bg4 4. Nbd2 Nbd7 5. Qb3 Qc8 6. Qc3 Bxf3 7. Nxf3 g6 8.
Bf4 Bg7 9. Qc1 O-O 10. h3 Re8 11. e3 e5 12. dxe5 dxe5 13. Bh2 Qd8 14. Be2 Qe7
15. O-O Ne4 16. Qc2 Nec5 17. Rad1 f6 18. b4 Ne6 19. c5 c6 20. Bc4 Kh8 21. Rd6
Ndf8 22. Qb3 Nc7 23. Nd2 a6 24. Ne4 f5 25. Nc3 Red8 26. Rfd1 Ne8 27. Rxd8 Rxd8
28. Rxd8 Qxd8 29. Qc2 Nc7 30. Kf1 Qd7 31. Ke2 Bf6 32. f3 Kg7 33. e4 f4 34. Bg1
Nfe6 35. Qd2 Qxd2+ 36. Kxd2 Kf8 37. Na4 Nd8 38. Nb6 Ke8 39. Nc8 Be7 40. Bf2 h6
41. a4 Nce6 42. Kd3 Bf8 43. a5 Nc7 44. Be1 Kd7 45. Nb6+ Ke8 46. Bc3 Bg7 47. Ba2
Nb5 48. Bb2 Ke7 49. Nc4 Nf7 50. Bb3 Bf6 51. Nb6 Nd8 52. Bc4 Bg7 53. Nc8+ Kd7
54. Nb6+ Ke8 55. Bb3 Bf6 56. Nc4 Nf7 57. Ba4 Bh8 58. Nd2 Bf6 59. Nf1 Bh4 60.
Bb3 Bf6 61. Nh2 Bg7 62. Ng4 Nc7 63. Bxf7+ Kxf7 64. Bxe5 1-0

[Event "SR 3. liga A2 2018/2019"]
[Site "?"]
[Date "2018.12.09"]
[Round "5.5"]
[White "Drahos, Miroslav"]
[Black "Lelkes, Gejza"]
[Result "1-0"]
[WhiteElo "1703"]
[BlackElo "1521"]
[PlyCount "65"]
[EventDate "2018.??.??"]

1. e4 e5 2. Nf3 Nc6 3. Bb5 Nge7 4. c3 a6 5. Ba4 b5 6. Bb3 h6 7. d4 d6 8. h3 Bd7
9. O-O Qc8 10. Kh2 Rb8 11. Be3 Ng6 12. dxe5 dxe5 13. Qd5 Kd8 14. Qxf7 Nce7 15.
Rd1 c6 16. Be6 Rb7 17. Bc5 Nf4 18. Bb6+ Rxb6 19. Rxd7+ Qxd7 20. Bxd7 Kxd7 21.
Nxe5+ Kc7 22. Qxf4 Kb7 23. Qf7 Ka8 24. Nd7 Rb7 25. Nxf8 Nc8 26. Qf3 Ne7 27. Ne6
g5 28. Nc5 Ra7 29. Nd2 Ng6 30. Qf6 Rg8 31. Qxc6+ Kb8 32. Qb6+ Ka8 33. Ndb3 1-0

[Event "SR 3. liga A2 2018/2019"]
[Site "?"]
[Date "2018.12.09"]
[Round "5.6"]
[White "Sobek, Michal"]
[Black "Liptak, Tomas"]
[Result "0-1"]
[WhiteElo "2013"]
[BlackElo "2203"]
[PlyCount "62"]
[EventDate "2018.??.??"]

1. e4 c5 2. Nf3 d6 3. d4 cxd4 4. Nxd4 a6 5. Nc3 Nf6 6. Be3 e5 7. Nb3 Be6 8. h3
h5 9. Qf3 Nbd7 10. Rd1 Qc7 11. g3 b5 12. Qe2 Rc8 13. Bg2 Bc4 14. Qd2 Be7 15. f4
b4 16. Nd5 Nxd5 17. exd5 a5 18. fxe5 Nxe5 19. Nd4 O-O 20. Kf2 Rfe8 21. Rhe1 Bf6
22. Kg1 Ba6 23. Bg5 Nc4 24. Qf4 Be5 25. Qf2 Nxb2 26. Nc6 Nxd1 27. Rxd1 Bc3 28.
Qf5 Be2 29. Rd2 Bxd2 30. Bxd2 Bb5 31. Be4 Rxe4 0-1

[Event "SR 3. liga A2 2018/2019"]
[Site "?"]
[Date "2018.12.09"]
[Round "5.6"]
[White "Kovacocy, Pavol"]
[Black "Sefcik, Marek"]
[Result "1-0"]
[WhiteElo "2269"]
[BlackElo "2007"]
[PlyCount "151"]
[EventDate "2018.??.??"]

1. e4 c5 2. Nf3 e6 3. d3 Nc6 4. g3 Nf6 5. Bg2 Be7 6. O-O O-O 7. Re1 d5 8. Nbd2
Qc7 9. e5 Nd7 10. Qe2 b5 11. Nf1 Bb7 12. h4 Nd4 13. Nxd4 cxd4 14. Bf4 Rfc8 15.
Rac1 Qa5 16. a3 b4 17. axb4 Bxb4 18. Bd2 Rc7 19. Ra1 Qb5 20. Bxb4 Qxb4 21. b3
Rac8 22. Ra2 Nb6 23. Rb1 Rc3 24. Nh2 Na8 25. Nf3 Qb6 26. Rbb2 Nc7 27. h5 h6 28.
g4 Nb5 29. Qd2 Qc7 30. g5 hxg5 31. Qxg5 Kf8 32. h6 gxh6 33. Qxh6+ Ke8 34. Qh8+
Ke7 35. Qf6+ Ke8 36. Qg7 Qe7 37. Ng5 a6 38. Bf3 Qf8 39. Qf6 R3c7 40. Bh5 Qg8
41. Kf1 Re7 42. Ra1 Kd7 43. Bxf7 Qh8 44. Bxe6+ Rxe6 45. Qxe6+ Kc7 46. Kg2 Qh4
47. Nf3 Qf4 48. Rh1 Rf8 49. Rh3 Bc8 50. Qe7+ Kb8 51. e6 Nc7 52. Qb4+ Nb5 53.
Qe7 Nc7 54. Ra2 Bxe6 55. Rg3 Bg4 56. Qxf8+ Qxf8 57. Rxg4 Ne6 58. Rxa6 Nf4+ 59.
Kf1 Nxd3 60. cxd3 Qxf3 61. Rg3 Qh1+ 62. Ke2 Qh5+ 63. Rf3 Kb7 64. Raf6 Qe5+ 65.
Kf1 Qh2 66. Rg3 Qh1+ 67. Ke2 Qh5+ 68. Kd2 Qh7 69. Rgf3 Qh5 70. Rf7+ Kb6 71. Kc2
Qe5 72. Kb2 Qe1 73. R3f6+ Kc5 74. Rc7+ Kb5 75. Rb7+ Ka5 76. b4+ 1-0